Stade Rennais - Ventes les plus chers - Statistiques

Statistiques générales
  • Ce quiz a été pris 64 fois
  • Le résultat moyen est 8 sur 12
Statistiques - réponses
Prix du tranfert Club d'arrivée Joueur % Correct
50 M Paris Saint-Germain Désirée Doué
98%
31 M Real Madrid Eduardo Camavinga
98%
60 M Manchester City Jeremy Doku
93%
35 M Borussia Dortmund Ousmane Dembélé
91%
70 M Liverpool Jeremy Jacquet
84%
28,5 M Bayern Munich Mathys Tel
79%
35 M West Ham Nayef Aguerd
57%
30 M Watford Ismaila Sarr
53%
30 M Notthingam Forest Arnaud Kalimuendo
50%
25 M Wolfsburg Lovro Majer
50%
27 M Chelsea Lesley Ugochukwu
48%
25 M Southampton Kamaldeen Sulemana
29%
Aucun quiz correspondant
Distribution des résultats
% des personnes avec chaque résultat
Percentile par nombre de réponses
Votre historique - résultats
Vous n’avez pas pris ce quiz